| 000 | 00877nam a2200217 4500 | ||
|---|---|---|---|
| 001 | 123362 | ||
| 003 | ES-MaACL | ||
| 005 | 20240523063035.0 | ||
| 007 | t| | ||
| 008 | 070214s1969 sp r ||||1| spa d | ||
| 100 | 1 |
_aQuevedo, Francisco de, _d1580-1645 _994591 |
|
| 245 | 1 | 3 |
_aLa cuna y la sepultura para el conocimiento propio y desengaño de las cosas ajenas / _cFrancisco de Quevedo ; edición crítica, prólogo y notas de Luisa López Grigera. |
| 260 |
_aMadrid : _bReal Academia Española, _c1969. |
||
| 300 |
_aLXXI, 197 p., 9 lám. ; _c25 cm. |
||
| 490 | 1 |
_aAnejos del boletín de la Real Academia Española ; _v20 |
|
| 700 | 1 |
_aLópez Grigera, Luisa. _973689 |
|
| 710 | 2 |
_aReal Academia Española _96336 |
|
| 830 | 0 |
_aAnejos del boletín de la Real Academia Española ; _v20 _9180902 |
|
| 852 |
_aES-MaACL _jE-7481 _bR.90839 |
||
| 999 |
_c123362 _d123362 |
||